The fulness of God: (Record no. 5814)

000 -LEADER
fixed length control field 00608nam a2200181 a 4500
001 - CONTROL NUMBER
control field :::00003556$&:&@@
003 - CONTROL NUMBER IDENTIFIER
control field OkBaRHE
005 - DATE AND TIME OF LATEST TRANSACTION
control field 20000607103307.0
008 - FIXED-LENGTH DATA ELEMENTS--GENERAL INFORMATION
fixed length control field s1945 j 000 0 eng u
040 ## - CATALOGING SOURCE
Transcribing agency
100 1# - MAIN ENTRY--PERSONAL NAME
Personal name Cable, John H.
245 14 - TITLE STATEMENT
Title The fulness of God:
Remainder of title an exposition of Ephesians from the Greek.
260 ## - PUBLICATION, DISTRIBUTION, ETC. (IMPRINT)
Place of publication, distribution, etc Chicago, IL., :
Name of publisher, distributor, etc Moody Press
Date of publication, distribution, etc c1945
300 ## - PHYSICAL DESCRIPTION
Extent 160 p. ;
Dimensions 20 cm.
650 ## - SUBJECT ADDED ENTRY--TOPICAL TERM
Topical term or geographic name as entry element Bible New Testament Ephesians
General subdivision Criticism, Interpretation, etc.
942 ## - ADDED ENTRY ELEMENTS (KOHA)
Source of classification or shelving scheme
Koha item type Books
Copies
Not for loan Barcode Date last seen Permanent Location Withdrawn status Date acquired Full call number Source of classification or shelving scheme Copy number Price effective from Lost status Damaged status Koha item type Shelving location
 35562018-04-03RHEMA Bible Training College 2010-04-14BS 2695 .C286 12010-04-14  BooksGeneral Stacks